00913cam a2200277 a 450000100090000000300040000900500170001300800410003001000170007102000150008802000180010302500340012103700630015504000140021804200100023204300120024205000270025408200260028110000140030724500930032126000460041430000240046050400660048465000310055065100540058114505098OSt20200615152410.0060818s2006 ii b 001 0 eng  a 2006413801 a818387035X a9788183870351 aI-E-2006-413801; 88-23; 63-23 bLibrary of Congress -- New Delhi Overseas OfficecRs695.00 aDLCcoclc alcode aa-ii---00aKNS2107.M56bR345 2005 a305.5688095487bRAJ/S aRaju, C B10aSocial justice and the Constitution of India :bwith reference to SC's/ST's /cC.B. Raju aNew Delhi :bSerials Publications,c2006. ax, 270 p. ;c23 cm. aIncludes bibliographical references (p. [215]-219) and index. 0aConstitutional lawzIndia. 0aIndiaxScheduled tribesxLegal status, laws, etc.